00754nam a2200217 a 450000100100000000500170001000800410002704000250006808200280009310000380012124500570015925000130021626000450022930000240027459000260029865000160032465000360034091000380037695201070041499900150052100000818320240516194749.0090915s1987 dr a r 000 0 spa d aDO-SdBNPbspacBNPHU a641.597293bH519m, 19871 aHenríquez de Pou, Silvia92219010aMujer 2000 :brecetas de cocina /cSilvia H. de Pou. a12a. ed. aSanto Domingo :bAmigo del Hogar,c1987. av. :bil. ;c24 cm. aInventariado, 2018/BT 0aCocina9360 4aPreparación de alimentos9193 aValidado. Control de calidad. MFF 0010718PDaPDbPDcHDd2009-09-15iLF1l0ov. 1p8183-10r2020-06-25w2020-06-25yLFPDZNo se presta c7958d7958